I Know You're Hurting. - RAYE (Lyrics) - Statistics

General Stats
  • This quiz has been taken 7 times
  • The average score is 387 of 455
Answer Stats
Answer % Correct
a
100%
all
100%
and
100%
And
100%
arms
100%
be
100%
bitch,
100%
burdens,
100%
call
100%
can
100%
dear,
100%
do,
100%
do
100%
don't
100%
Don't
100%
edge
100%
get
100%
hear
100%
her
100%
here
100%
hold
100%
hope
100%
hurting
100%
hurting,
100%
I
100%
I,
100%
it
100%
it's
100%
It's
100%
know
100%
know,
100%
let
100%
life
100%
life's
100%
master
100%
me
100%
Monday
100%
more
100%
music
100%
need
100%
of
100%
okay,
100%
okay
100%
on
100%
on,
100%
on)
100%
Please,
100%
please
100%
Pray
100%
see
100%
so
100%
So
100%
some
100%
stand
100%
standing
100%
stop
100%
that
100%
That
100%
the
100%
these
100%
this
100%
this,
100%
to
100%
two
100%
we
100%
working
100%
you
100%
You
100%
you?
100%
you?)
100%
(You
100%
you,
100%
Your
100%
your
100%
you're
100%
6:30
83%
alone
83%
alone,
83%
believing
83%
bite
83%
But
83%
close
83%
deep
83%
devils
83%
disguise,
83%
down
83%
eyes
83%
for
83%
For
83%
give
83%
hand
83%
have
83%
He's
83%
hide
83%
If
83%
I'm
83%
in
83%
just
83%
Lord
83%
losing
83%
lurking
83%
mercy
83%
my
83%
now
83%
said
83%
Stay
83%
strong
83%
tense
83%
there
83%
thighs
83%
thinking
83%
Thursday
83%
time
83%
trying
83%
up
83%
with
83%
Ain't
67%
alright,
67%
always
67%
am
67%
another
67%
burning
67%
burning,
67%
can't
67%
could
67%
days
67%
dealt
67%
feeling?
67%
find
67%
gone
67%
gonna
67%
healing?
67%
keep
67%
listening
67%
looking
67%
miracles
67%
off
67%
Oh,
67%
Oh-
67%
oh
67%
prayer
67%
say
67%
something's
67%
step
67%
stranger
67%
sweeter
67%
tongue
67%
us
67%
wait
67%
well,
67%
while
67%
wish
67%
yourself,
67%
yourself
67%
afflictions
50%
are
50%
body
50%
bruises
50%
dance
50%
has
50%
hollow:
50%
How
50%
(How
50%
kind
50%
left
50%
legs
50%
little
50%
must
50%
plasters
50%
pushing
50%
put
50%
Sh-
50%
sh-
50%
shake
50%
that's
50%
when
50%
words
50%
you's?
50%
aches
33%
apart
33%
ballroom
33%
claw
33%
damn
33%
fine,
33%
from
33%
gentle
33%
ledge
33%
marching
33%
Maybe
33%
moments
33%
morning
33%
mountains
33%
over
33%
private
33%
smile
33%
soft
33%
Underneath
33%
Even
17%
hiding
17%
hole
17%
somewhere
17%
there's
17%
though
17%
Where
0%
No matching quizzes found
Score Distribution
Percent of People with Each Score
Percentile by Number Answered
Your Score History
You have not taken this quiz